Caricamento...
History and the present /
Contributed seminar articles represent a critique of the disciplinary practices of history in the present context of India.
| Altri autori: | , |
|---|---|
| Natura: | Printed Book |
| Lingua: | English |
| Pubblicazione: |
Delhi : Bangalore :
Permanent Black ; Distributed by Orient Longman,
c2002.
|
| Soggetti: |
| LEADER | 01819cam a2200241 a 4500 | ||
|---|---|---|---|
| 008 | 020612t2002 ii abf b 100 0 eng | ||
| 020 | |a 9788178240947 |c Rs. 295.00 | ||
| 082 | |a 954.0072 | ||
| 245 | 0 | 0 | |a History and the present / |c edited by Partha Chatterjee and Anjan Ghosh. |
| 260 | |a Delhi : |b Permanent Black ; |a Bangalore : |b Distributed by Orient Longman, |c c2002. | ||
| 300 | |a ix, 273 p., 12 p. of plates : |b ill., maps ; |c 22 cm. | ||
| 504 | |a Includes bibliographical references. | ||
| 505 | 0 | |a Introduction : history and the present / Partha Chatterjee -- On retelling the Muslim conquest of North India / Shahid Amin -- Mythicising the white man : colonialism and fantasy in a folk tradition / Sundar Kaali -- The endangered yakshi : careers of an ancient art object in modern India / Tapati Guha-Thakurta -- Genealogy, history, and the law : the case of the rajamala / Indrani Chatterjee -- Village histories : coalescing the past and present / Nandini Sundar -- The two pasts of Nasser's peasants : political memories and everyday life in an Egyptian village / Reem Saad -- Writing the riot : between the historiography and ethnography of communal violence in India / Deepak Mehta -- Re-presenting pasts : Santals in nineteenth-century Bengal / Prathama Banerjee. | |
| 520 | |a Contributed seminar articles represent a critique of the disciplinary practices of history in the present context of India. | ||
| 650 | 0 | |a History |x Methodology. | |
| 651 | 0 | |a India |x Historiography. | |
| 700 | 1 | |a Chatterjee, Partha, | |
| 700 | 1 | |a Ghosh, Anjan. | |
| 906 | |a 7 |b cbc |c origode |d 3 |e ncip |f 20 |g y-gencatlg | ||
| 942 | |c BK | ||
| 955 | |a wd30 2002-10-25 to RCCD | ||
| 999 | |c 277946 |d 277946 | ||
| 952 | |0 0 |1 0 |2 ddc |4 0 |6 954_007200000000000_HIS |7 0 |9 312582 |a PHL |b PHL |c ST1 |d 2017-02-23 |g 295.00 |i 4559 |l 0 |o 954.0072 HIS |p PHL4559 |r 2017-02-23 |y BK | ||